[Event "World-ch Carlsen-Caruana"]
[Site "London"]
[Date "2018.11.09"]
[Round "1"]
[White "Caruana, Fabiano"]
[Black "Carlsen, Magnus"]
[Result "1/2-1/2"]
[WhiteElo "2832"]
[BlackElo "2835"]
[Annotator "Duda,Jan Krzysztof"]
[PlyCount "229"]
[EventDate "2018.11.09"]
[EventType "match"]
[EventRounds "12"]
[EventCountry "GBR"]
[SourceTitle "CBM 187"]
[Source "ChessBase"]
[SourceDate "2018.12.11"]
[SourceVersion "1"]
[SourceVersionDate "2018.12.11"]
[SourceQuality "1"]

1. e4 c5 $5 {A minor surprise, as early as on move 1. Normally people tend to play relatively solid openings at the beginning of the WCC matches. Magnus decided however to play in a principled way, instead of choosing a Ruy Lopez / Italian torture.} 2. Nf3 Nc6 3. Bb5 {The Rossolimo Variation, a favourite of the Challenger. Even though he lost beautiful game in the Wijk Ann Zee to Carlsen some years ago, everyone keeps in mind many of his masterpieces against strong opposition. And probably all kibitzers were happy - there is no easy draw in sight.} g6 4. Bxc6 dxc6 {Lately the favourite of Magnus.} 5. d3 Bg7 6. h3 {Not allowing ...Bg4, which would ease Black's play.} Nf6 7. Nc3 Nd7 (7... b6 {was played between the same opponents 3 years ago. White was probably better after the opening, but the game became very tense, and eventually the Black player won} 8. Be3 e5 9. O-O O-O 10. a3 Qe7 11. Qb1 Nh5 12. b4 f5 13. bxc5 f4 14. Bd2 bxc5 15. Qb3+ Be6 16. Qa4 $36 {0-1 (39) Caruana,F (2820)-Carlsen,M (2862) Wijk aan Zee NED 2015}) (7... O-O {is the most popular move.}) 8. Be3 e5 ({In a similar way played Nakamura against Caruana some years ago:} 8... b6 9. Qd2 h6 10. O-O e5 11. Nh2 g5 $13 {Here Hikaru didn't allow White to go for f4. The position becomes a pretty manoeuvre one, where a stronger player is likely to win. Computers give modest edge for White, but Black has also an easy play on his own: to re-route the knight and then start the pawn offensive on the kingside: 1/2 (44) Caruana,F (2787)-Nakamura,H (2793) Saint Louis USA 2015}) 9. O-O ({Usually White starts with} 9. Qd2 h6 {not allowing Bh6. After a sample line:} 10. O-O b6 11. Nh2 Nf8 12. f4 exf4 13. Rxf4 Be6 14. Rf2 {there is the same position as in the game, but obviously both sides are flexible and can change something basically on every move}) 9... b6 (9... Qe7 {It's a much more common way to free the d7-knight. I am not an expert in this kind of positions, and can hardly say which way to over-protect the c5 pawn is better.} 10. Qd2 Nf8) 10. Nh2 Nf8 {A typical maneouvre started with Nd7} 11. f4 exf4 12. Rxf4 Be6 $5 {Interesting set-up. I thought he was going to play Ne6-Nd4 asap, but this is even nicer, as it controls all important squares.} 13. Rf2 h6 14. Qd2 g5 $5 {Restraining white pieces. Honestly, I don't know what is White's best bet here, as he lacks visible improvements. It would be lovely to get the h2-knight to f5, but how? Also loosening Black's queenside is not at all that easy. a4 can always be parried by a5, while it's not easy to achieve b4 in a comfortable way. Therefore I think Magnus won the opening duel, and now the challenger move by move was using a large amount of time.} 15. Raf1 (15. Nf1 Qd6 16. Rf3 $2 Ng6 {and White is not in time with Ng3-Nf5.}) (15. a4 a5 $5 (15... Ng6 16. a5 O-O)) (15. a3 Qd6 16. Rb1 Ng6 17. b4 cxb4 18. axb4 O-O $11) 15... Qd6 16. Ng4 $146 {The American decides to improve his worst piece, the h2-knight. Even though the computer doesn't like it, it's still better to have a faulty plan than any.} ({RR} 16. Qe2 O-O-O 17. Qh5 Ng6 18. Qe2 Be5 19. Ng4 Bg3 20. Rxf7 Bxf7 21. Rxf7 Rdf8 22. Nxh6 Qe6 23. Rxf8+ Rxf8 24. Qg4 Qxg4 25. Nxg4 Bf4 26. Bxf4 Nxf4 27. Ne3 Ne6 28. Ne2 Ng7 29. Ng3 Kd7 30. Ngf5 Nxf5 {Nyamdorj,D (2282)-Sohal,T (2370) Richmond 2019 ½-½ (35)}) 16... O-O-O {The king is safe on the queenside for the time being, and now Black is having all the fun on the kingside.} 17. Nf6 {Other plans are:} (17. a4 Nd7 (17... a5 $5) 18. a5 Qc7 {even here profits are not visible. Black intends b5, and if White opens the a-file, Black is always on time with Kb7-Ra8.}) (17. e5 {is an easy-to-play sacrifice for everyone but White player. White gets some minute activity, but it may evaporate easily, and pawn down is pawn down.} Bxe5 (17... Qc7 18. Ne4 {and White is likely to take on e5 anyway.}) 18. b4 $5 (18. Ne4 Qc7 19. Nxe5 Qxe5) 18... c4 {Locking down the queenside.} (18... cxb4 19. Ne4 Qc7 20. Nxe5 Qxe5 21. Qxb4 Qc7 22. a4 $44) 19. Nxe5 Qxe5 20. d4 Qc7 $15 {and I don't see any advantages for White for the missing pawn.}) 17... Nd7 18. Nh5 {Not exchanging the knight which made so many moves.} Be5 19. g4 {Such moves were unthinkable some 60 years ago, but now are standard. The kingside is so far locked, and White gains space.} f6 20. b3 Bf7 21. Nd1 ({I would prefer} 21. Ne2 {defending some vital squares, but it's true that Black is in the driving seat, while White is solid but very passive at the same time.} Bxh5 22. gxh5 Kb7 23. Kg2 Nf8 $17 {and Black may go for the h5 pawn}) 21... Nf8 {Imaginative, but not neccesary. Black could part with his light-square bishop, and try to gain the h5-pawn or break with g4. An important note is that in that case White would remain even more passive than in the game.} (21... Kb7 22. c3 Bxh5 23. gxh5 Qe7 24. Qe2 Rhg8 $17 {and Black has many ideas like Nf8-Ne6.}) 22. Nxf6 Ne6 23. Nh5 (23. Nd7 Rxd7 {was probably the idea.} (23... Bf4 24. Nf6 Bg3 {Comps think that Black is slightly better here, but White might try to complicate the position with some timely exchange sacrifice.}) 24. Rxf7 h5 25. Qg2 {and engine show its usual 0.00, but over the board Black for sure is having fun and White is being under considerable pressure.}) 23... Bxh5 24. gxh5 Nf4 25. Bxf4 gxf4 26. Rg2 (26. Rxf4 $1 {was a good way to cut the Gordian knot. Suprisingly it seems that Black can't stop White's d1-knight from reaching f5-square, from where it has a dominant position.} Bxf4 27. Qxf4 Qd4+ 28. Ne3 Kb7 (28... Rdf8 29. Qxf8+ Rxf8 30. Rxf8+ Kb7 31. Rf7+ Ka6 32. Rf3 $11) 29. Kh1 Rdf8 30. Nf5 Qc3 31. Qc1 $5 $13) 26... Rhg8 $36 {White's king is open, and Black is enjoying a long-lasting initiative.} 27. Qe2 {The position is not easy to analyse, and even harder to play. Both sides have many ideas, which sometimes are similar to each other. From now on I will focus on the most critical positions.} Rxg2+ 28. Qxg2 Qe6 29. Nf2 Rg8 30. Ng4 Qe8 $1 {Going after h5-pawn, and then kicking White's knight with h5.} 31. Qf3 Qxh5 32. Kf2 {The least place where White's king is safe is the kingside, so logically Fabiano removes it to the center.} Bc7 33. Ke2 (33. e5 Kb7 34. Nf6 Qh4+ 35. Ke2 Rg3 36. Qxf4 Qxh3 37. Rf2 {doesn't look any good, but in the game after a couple of moves the a1-h8 diagonal was wide open for Black's pieces.}) 33... Qg5 34. Nh2 $6 {Looks strange, because White gives away the control of the big diagonal without even gaining a tempo which Black has to spend on h5. Still there is no good enough preparatory move, and I think Black is winning already.} (34. Kd2 h5 35. Nh2 Qe5 36. Qf2 Qb2 37. Rg1 Rg3 {It would be very odd that White can defend here.}) 34... h5 $2 ({Why not} 34... Qf6 {with ...Qb2 coming, penetrating the queenside? White would be lost in that case.}) 35. Rf2 Qg1 {The wrong direction!} 36. Nf1 h4 $2 (36... Qg7 $1 $19) 37. Kd2 $2 (37. e5 $1 Rg5 (37... Bxe5 38. Qxc6+ Kb8 39. a4 {Paradoxically White can allow himself luxury of playing such a slow move. But there is nothing really threatening Black can do.}) 38. Kd2 Kb7 39. e6 Re5 40. Re2 Qg6 41. Qg4 {and White got his own play.}) 37... Kb7 {The position is still dead lost for White, because of the threat Qg7-Qa1, there is one more, namely Rg3! It's really amazing that Caruana survived this storm!} 38. c3 Be5 (38... Rg3 $1 39. Nxg3 hxg3 40. Rg2 Qa1 $19 {is game over. It transpires than in zeitnot, even the World Champion plays far below his normal strength!}) 39. Kc2 Qg7 $6 {This would be a serious blunder, if not the fact that Black can repeat his position.} (39... b5 $1 {with b4 next would create too many holes in White's position.}) 40. Nh2 (40. Qh5 Ka6 $1 {It's very important to avoid eventual checks on f7.} 41. Qe2 b5 42. a4) 40... Bxc3 $4 {Actually this move lets all the advantage go. Black still could win by means of} (40... Qg1 $1 41. Nf1 b5 $1 $19 {with transposition to the position, which is mentioned in the earlier comment.}) 41. Qxf4 Bd4 {Now by force White can save himself in an rook endgame with pawn down. Other alternatives also failed to win:} (41... Ka6 42. Nf3 Ba1 43. e5 $11) 42. Qf7+ Ka6 43. Qxg7 Rxg7 44. Re2 Rg3 45. Ng4 Rxh3 46. e5 Rf3 47. e6 Rf8 48. e7 Re8 49. Nh6 h3 50. Nf5 Bf6 {Initially when I first saw this position, I thought Black has nearly 50/50 chances, but on the closer inspection I understood that White is going to play either d4 or b4, and 2 vs 3 pawns on the queenside is a draw.} 51. a3 b5 ({Being in Magnus' place I would have tried to play with the pawn on b6, but still this should be an easy draw.} 51... Bxe7 52. Nxe7 h2 53. Rxh2 Rxe7 54. Rh5) 52. b4 cxb4 53. axb4 Bxe7 {Otherwise Black runs out of moves} 54. Nxe7 h2 55. Rxh2 Rxe7 56. Rh6 Kb6 57. Kc3 Rd7 58. Rg6 $11 {The endgame is a draw, although White needs to be a bit careful not to allow Black to get two rolling pawns. Magnus tries to win for another 60 moves, but the draw is trivial.} Kc7 59. Rh6 Rd6 60. Rh8 Rg6 61. Ra8 Kb7 62. Rh8 Rg5 63. Rh7+ Kb6 64. Rh6 Rg1 65. Kc2 Rf1 66. Rg6 Rh1 67. Rf6 Rh8 68. Kc3 Ra8 69. d4 Rd8 70. Rh6 Rd7 71. Rg6 Kc7 72. Rg5 Rd6 73. Rg8 Rh6 74. Ra8 Rh3+ 75. Kc2 Ra3 (75... Kd6 76. Rxa7 Kd5 77. Rc7 $11) 76. Kb2 Ra4 77. Kc3 a6 78. Rh8 Ra3+ 79. Kb2 Rg3 80. Kc2 Rg5 81. Rh6 Rd5 82. Kc3 Rd6 83. Rh8 Rg6 84. Kc2 Kb7 85. Kc3 Rg3+ 86. Kc2 Rg1 87. Rh5 Rg2+ 88. Kc3 Rg3+ 89. Kc2 Rg4 90. Kc3 Kb6 91. Rh6 Rg5 92. Rf6 Rh5 93. Rg6 Rh3+ 94. Kc2 Rh5 95. Kc3 Rd5 96. Rh6 Kc7 97. Rh7+ Rd7 98. Rh5 Rd6 99. Rh8 Rg6 100. Rf8 Rg3+ 101. Kc2 Ra3 102. Rf7+ Kd6 103. Ra7 {One of possible defensive set-ups for White} Kd5 104. Kb2 Rd3 (104... Ra4 105. Kc3 Ra1 106. Rd7+ Ke6 107. Ra7 $11) 105. Rxa6 Rxd4 106. Kb3 Re4 107. Kc3 Rc4+ 108. Kb3 Kd4 109. Rb6 Kd3 110. Ra6 Rc2 111. Rb6 Rc3+ 112. Kb2 Rc4 113. Kb3 Kd4 114. Ra6 Kd5 115. Ra8 {A fighting, nerve-racking, and unpleasant game for both players. Fabiano Caruana didn't manage to get even the slightest of an opening initiative, and quickly had to defend himself. Magnus Carlsen on the other hand was winning several times before the 40th move, but in time trouble he spoiled, what looked like an easy win, and had to settle for the endgame which was drawn. Still 11 games to come, and it seems it will be entertaining match!} 1/2-1/2

[Event "World-ch Carlsen-Caruana"]
[Site "London"]
[Date "2018.11.12"]
[Round "3"]
[White "Caruana, Fabiano"]
[Black "Carlsen, Magnus"]
[Result "1/2-1/2"]
[WhiteElo "2832"]
[BlackElo "2835"]
[Annotator "Duda,Jan Krzysztof"]
[PlyCount "97"]
[EventDate "2018.11.09"]
[EventType "match"]
[EventRounds "12"]
[EventCountry "GBR"]
[SourceTitle "CBM 187"]
[Source "ChessBase"]
[SourceDate "2018.12.11"]
[SourceVersion "1"]
[SourceVersionDate "2018.12.11"]
[SourceQuality "1"]

1. e4 c5 {So it turned out that my guess was wrong, and Magnus repeats the Rossolimo Sicilian once more. After a little reflection, I realised that it's a perfect opening for Magnus - no theory, no repetitions, no super-sharp positions and a complex strategic game ahead - everything he needs.} 2. Nf3 Nc6 3. Bb5 g6 4. Bxc6 dxc6 5. d3 Bg7 6. O-O {This time Caruana allows Black to play Bg4. Magnus instead chooses a sideline, in order to get a non-theoritical position as quickly as possible.} Qc7 $5 (6... Nf6 {is of course the main move.}) 7. Re1 {A useful move, with the intention to see what Black is going to do.} e5 {An interesting move, played when the White rook is on e1, from where it can't help to achieve f4. On the other hand, this move is strategically risky because now a break with b4 is on the agenda.} 8. a3 {A logical push once Black played e5. The preference of the engine is} (8. Be3 {forcing Black to play b6, and only then start the minority attack.} b6 9. a3 Nf6 (9... a5 $5 10. Nbd2 Nf6 11. b4 Ng4 12. Bg5 (12. bxc5 Nxe3 13. Rxe3 b5 $5 {with decent chances.}) 12... axb4 (12... cxb4 13. axb4 a4 14. c4 b5 {looks risky for Black, but the comp holds on.} 15. h3 f6 16. Bh4 Nh6 17. Nb3 $5) 13. axb4 Rxa1 14. Qxa1 cxb4 15. Qa4 O-O 16. Qxb4 c5 17. Qb2 f6 18. Bh4 Be6 $13 {and Black can regroup his forces easily, while White's pieces on the kingside are stuck.}) 10. b4 (10. Nbd2 $5 O-O (10... Ng4 11. Bg5 f6 12. Bh4) 11. b4 cxb4 (11... Ng4 12. Bg5) 12. axb4 Ng4 13. Bg5 h6 14. Bh4 Nf6 $13) 10... c4 11. Nbd2 cxd3 12. cxd3 O-O 13. Rc1 $36 {with easier play for White.}) (8. b4 $2 {is not working:} cxb4 9. a3 bxa3 10. Bxa3 Ne7 11. Nbd2 O-O 12. Nc4 c5 $17 {with a clear plus pawn for Black.}) ({RR} 8. Be3 b6 9. a3 a5 10. Nbd2 Nf6 11. b4 Ng4 12. bxc5 Nxe3 13. fxe3 bxc5 14. Nc4 Be6 15. Nfd2 O-O 16. Rf1 Rab8 17. Qe2 a4 18. Rf2 Rb7 19. Raf1 Qd8 20. Qe1 h5 21. Qa1 f6 22. h3 Bh6 {Nakamura,H (2743)-Carlsen,M (2882) Saint Louis 2019 ½-½}) 8... Nf6 9. b4 O-O 10. Nbd2 (10. bxc5 $5 {I think this deserves attention. Black can postpone recapturing the pawn, but then White has chances to exploit the d6-square with one of his knights. Black can also take the pawn by means of} Nd7 11. Be3 f5 12. a4 f4 13. Bc1 Nxc5 {but White gets the upper hands after} 14. Ba3 b6 15. Nbd2 {with some initiative.}) (10. Be3 c4 {is completely toothless for White.}) ({RR} 10. Bb2 Re8 11. Nbd2 Nd7 12. Nb3 Qb6 13. Nbd2 cxb4 14. Nc4 Qc7 15. axb4 b5 16. Ne3 Nb6 17. c4 Na4 18. Ba3 a6 19. Qc2 Qb6 20. Rac1 Bd7 21. h3 Rac8 22. c5 Qc7 23. g4 a5 24. Kg2 Kh8 {Nadzamova,V (2126)-Manko,M (2298) Batumi GEO 2025 1-0 (39)}) 10... Bg4 $146 {Only now does Magnus decide to part with his light-squared bishop. A smart decision, because this piece has a very high potential to become a bad piece in the future.} ({RR} 10... cxb4 11. Bb2 Nh5 12. axb4 Nf4 13. Ra3 Re8 14. Qa1 a6 15. d4 exd4 16. Bxd4 Bxd4 17. Nxd4 Qe7 18. Rf3 Nxg2 19. e5 Nxe1 {0-1 (19) Kaiszauri,K (2405)-Cramling,D (2355) Boras 1979}) 11. h3 Bxf3 12. Nxf3 cxb4 (12... Nd7 13. Be3 cxb4 14. axb4 a5 {was another way to play.}) 13. axb4 a5 14. bxa5 Rxa5 15. Bd2 (15. Rxa5 $1 {I think this is stronger, because White gets control of the open a-line.} Qxa5 16. Bd2 Qc7 17. Qa1 Nd7 18. Qa7 Rc8 {with the idea to play b5, e.g.} 19. Ra1 Bf8 20. Be3 b5 21. g4 $36 {and White has pressure.}) 15... Raa8 {Of course Black doesn't allow White to get the a-file for free.} 16. Qb1 Nd7 {At first sight this position looks nice for White, but there is no obvious way to pose even slightest challenge for Black. He is going to play b5 and exchange everything down the a-file.} 17. Qb4 (17. Qb2 b5 18. Rxa8 Rxa8 19. Ra1 Qb7 {looks drawish.}) (17. Qb3 Nc5 18. Qc4 Ne6 {only improves Black's position}) (17. Be3 $1 b5 18. Qb3 Rfb8 19. Ra2 Rxa2 20. Qxa2 {was probably the only way to play for 'something'.}) 17... Rfe8 18. Bc3 b5 19. Rxa8 Rxa8 20. Ra1 Rxa1+ 21. Bxa1 Qa7 22. Bc3 Qa2 23. Qb2 Qxb2 24. Bxb2 f6 $11 {Now Black has easy equality, and Magnus as usual tries to squeeze his opponent in the endgame. This time the challenger was very alert though.} 25. Kf1 Kf7 26. Ke2 Nc5 27. Bc3 Ne6 28. g3 Bf8 29. Nd2 {It looks sensible to bring the knight to b3.} (29. d4 {was also possible, exchanging knights, but on the other hand Black may get 'the passer' on the queenside, which is always threating.} exd4 30. Nxd4 Nxd4+ 31. Bxd4 c5 32. Bb2 c4 33. f4 b4 34. g4 Bd6 35. f5 $11) 29... Ng5 $1 {Forcing White to play h4, which later might be used as a 'hook'.} 30. h4 Ne6 31. Nb3 h5 {Fixing the pawns on the wrong color.} 32. Bd2 Bd6 33. c3 c5 34. Be3 Ke7 35. Kd1 Kd7 36. Kc2 f5 {The top preference of the engine. I also thought about} (36... g5 {but after} 37. f3 gxh4 38. gxh4 {is harmless for White, because Black can never get to the h4-pawn.}) 37. Kd1 fxe4 {Objectively it was better to keep the tension with} (37... Kc6 38. Na5+ Kb6 39. Nb3 Be7 {and now Black has a choice between f4 and fxe4, depending on circumstances. But of course the position is still close to equal.}) 38. dxe4 c4 39. Nd2 Nc5 40. Bxc5 $1 {At first to me this felt counter-intuitive, but in fact it is a good move. White eliminates Black's strong knight, and all his weakness can be protected by his king.} Bxc5 41. Ke2 Kc6 42. Nf1 b4 {Otherwise White plays Ne3, where the pawn endgame is dead drawn.} 43. cxb4 Bxb4 44. Ne3 Kc5 45. f4 {Exchanging as many pawns as possible.} exf4 46. gxf4 Ba5 47. f5 gxf5 48. Nxc4 $1 {A nice interlude move, using the classical theme of the wrong corner.} Kxc4 49. exf5 {and White moves his king to h1, from where it can't be chased. Today we have seen yet another Rossolimo Sicilian, where Magnus gradually equalised, and even tried to take over in the endgame. Caruana managed to draw with ease though. I am interested if in case of another 2...Nc6 Sicilian, Caruana will play 3.d4!? Or perhaps he will switch to another opening? The future will tell, but before reaching it, tomorrow he has to defend with Black first.} 1/2-1/2